000 00353nam a2200133Ia 4500
005 20260328101504.0
008 260328s9999||||xx |||||||||||||| ||und||
100 _aDudek, Mark
245 0 _aKindergArten Architecture :
_b Space for the imagination /
_cMark Dudek
260 _bSpon Press
300 _a217 p.
650 _aARQUITECTURA CIVIL
942 _cBK
999 _c8993
_d8993